1943 1234 1276 1108 1538 1813 1820 1672 1166 1482 1170 1055 1271 1960 1450 1840 1220 1291 1678 1942 1332 1575 1436 1116 1047 2000 1158 1242 1066 1944 1521 1909 1858 1238 1601 1751 1935 1084 1572 1973 1800 1839 1027 1387 1282 1611 1115 1545 1720 1508 1963 1253 1584 1267 1539 1777 1211 1297 1696 1333 1016 1782 1464 1104 1110 1504 1872 1971 1096 1612 1477 1975 1002 1928 1958 1676 1204 1105 1786 1852 1823 1971 1114 1149 1178 1847 1148 1343 1093 1850 1531 1024 1984 1404 1339 1666 1613 1856 1577 BCNSPRNW ULIB Ver.6.0+V

เปลี่ยนเป็นภาษาไทย

Change to English
 แสดงรายละเอียดบรรณานุกรม
  กลับหน้าหลัก

Brief Record : Get Marc (ISO 2709) : E-mail record : QR code < ปิดหน้าต่าง
LEADER : 00000nam a2200000Ia 4500
001    13399126042
003     ULIB
008    160407s2558 th 000 0 tha d
020    ^a9786165470728
040    ^absc
050  4 ^aPE1114^bส779ต
100 0  ^aสุทิน พูลสวัสดิ์
245 10 ^aเตรียมสอบ CU-TEP Chulalongkorn University Test of EnglishProficiency :^bภาษาอังกฤษเข้าจุฬาลงกรณ์มหาวิทยาลัย /^cSutinPoolsawad
246 30 ^aภาษาอังกฤษเข้าจุฬาลงกรณ์มหาวิทยาลัย
246 31 ^aChulalongkorn University Test of English Proficiency
246 31 ^aThe best test preparation for CU-TEP
250    ^aพิมพ์ครั้งที่ 6
260    ^aกรุงเทพฯ :^bศูนย์หนังสือ ที.จี.อาร์.อี,^c2558
300    ^a264 หน้า ;^c26 ซม. +^eซีดีรอม 1 แผ่น
610 24 ^aจุฬาลงกรณ์มหาวิทยาลัย^xการสอบคัดเลือก^vข้อสอบและเฉลย
650  0 ^aEnglish language^xExaminations
650  0 ^aEnglish language^vExaminations, questions, etc.
650  0 ^aEnglish language^vTextbooks for foreign speakers
650  4 ^aภาษาอังกฤษ^xการสอบ
650  4 ^aภาษาอังกฤษ^vข้อสอบและเฉลย
650  4 ^aภาษาอังกฤษ^vตำราสำหรับชนต่างชาติ
700 0  ^aSutin Poolsawad
910    ^aSend to UC
945    ^p440^l0^i25838
995    ^aกัณชพร
999    ^aกัณชพร
รายการนี้ยังไม่มีแท็ก
คุณยังไม่ได้ล็อกอิน คุณสามารถมีกิจกรรมร่วมกับเว็บไซต์ได้ แต่ต้องล็อกอินก่อน ::
  ล็อกอิน

รายการสื่อสารสนเทศ

ลำดับที่ ประเภท เลขเรียก/บาร์โค้ด สถานที่ สถานะ
1. วิทยาศาสตร์การแพทย์ และสุขภาพ
วิทยาศาสตร์การแพทย์ และสุขภาพ
PE1114 ส779ต ฉ.1 
  Barcode: 25838
ห้องสมุดวิทยาเขตสวรรค์ประชารักษ์
►หนังสือทั่วไป
บนชั้น

รายการใกล้เคียง
    ผู้แต่ง [สุทิน พูลสวัสดิ์]

BibComment


ยังไม่เคยถูกคอมเมนท์

คอมเมนท์ทรัพยากรรายการนี้
  คอมเมนท์: เตรียมสอบ CUTEP ..


 Copyright 2026. Bcnsprnw @Library